00543nam a22001577a 450000500170000000800410001702000310005804100120008908200140010110000480011524501190016325000180028226000340030030000270033465000240036120231025084009.0231025b |||||||| |||| 00| 0 eng d a9780702136504 ; 0702136506 aEnglish a34701 JON aErasmus HJ and van Loggerenberg DElEnglish aJones & Buckle The Civil Practice of the Magistrates' Courts in South Africa /cHJ Erasmus and DE van Loggerenberg aNinth Edition aCape Town :bJUTA Law, c1996 bvii, 117 pagesc27 cm. aLegal PracticebLaw